| 000 | 00580nam a2200193Ia 4500 | ||
|---|---|---|---|
| 003 | GCL | ||
| 008 | 140319s9999 xx 000 0 ara d | ||
| 040 |
_aGCL / _cGCL |
||
| 082 | 0 | 4 |
_a210.8 _bخ ر |
| 100 | 1 | _aخالد محمد خالد | |
| 245 | 1 | 0 |
_aمعجزة الاسلام عمر بن عبد العزيز / _cخالد محمد خالد |
| 260 |
_a[S.N] : _bدار المعارف ، _c1993 |
||
| 300 | _a191 ص | ||
| 490 | _a | ||
| 650 | 0 | 4 | _aالاسلام |
| 650 | 0 | 4 | _aالصحابة والتابعون |
| 650 | 0 | 4 | _aعمر بن عبد العزيز |
| 942 |
_2ddc _cBK |
||
| 999 |
_c27563 _d27563 |
||